000 00451nam a2200181Ia 4500
001 5238
005 20260306145853.0
008 260306t2006||||xx |||||||||||||| ||spa||
041 _aESP
082 _a338.4791
_bA18B
100 _aAcerenza, Miguel Ángel
_eAUT
245 0 _aPolítica turística y planificación del turismo
260 _c2006
300 _a128 páginas :
_c24 cm.
650 _aGEN
654 _aCAN
942 _cLIB
_dJUS
_fJUS
_2ddc
_n
999 _c5238
_d5238